Đường xưa mây trắng : Theo gót chân bụt

Đường xưa mây trắng là một câu chuyện vô cùng lý thú về cuộc đời của Bụt được kể lại dưới ngòi bút hồn đầy chất thơ của tác giả. Với văn phong nhẹ nhàng giản dị, với lối kể chuyện sinh động lôi cuốn, tác gủa đã đưa chúng ta trở...

पूर्ण विवरण

में बचाया:
ग्रंथसूची विवरण
मुख्य लेखक: Thích Nhất Hạnh
स्वरूप: पुस्तक
भाषा:Vietnamese
प्रकाशित: H. Phương Đông 2017
संस्करण:Tái bản lần 3
विषय:
टैग : टैग जोड़ें
कोई टैग नहीं, इस रिकॉर्ड को टैग करने वाले पहले व्यक्ति बनें!
Thư viện lưu trữ: Thư viện Trường Đại học Nam Cần Thơ
LEADER 01645nam a22002057a 4500
001 NCT_135256
008 190916b xxu||||| |||| 00| 0 vie d
999 |c 6977  |d 6977 
020 |a 9786046318514  |c 220000 
082 0 4 |2 23rd ed.  |a 249.3  |b Th302 
100 1 |a Thích Nhất Hạnh 
245 1 0 |a Đường xưa mây trắng :  |b Theo gót chân bụt  |c Thích Nhất Hạnh 
250 |a Tái bản lần 3 
260 |a H.  |b Phương Đông  |c 2017 
300 |a 696 tr.  |c 24cm 
520 3 |a Đường xưa mây trắng là một câu chuyện vô cùng lý thú về cuộc đời của Bụt được kể lại dưới ngòi bút hồn đầy chất thơ của tác giả. Với văn phong nhẹ nhàng giản dị, với lối kể chuyện sinh động lôi cuốn, tác gủa đã đưa chúng ta trở về tắm mình trong dòng sông Nguyên chỉ cách đây gần 2.600 năm, để được hiểu và gần gũi với một bậc giác ngộ mà cuộc đời của Ngài tỏa rạng nếp sống đầy tuệ giác và từ bi. Sách nàu được dịch ra hơn 20 thứ tiếng, được tái bản nhiều lần ở các nước và được xếp vào hàng những quyển sách hay nhất của thế kỷ 20 
653 |a Tham khảo 
942 |2 ddc  |c BK 
952 |0 0  |1 0  |2 ddc  |4 0  |6 249_300000000000000_TH302  |7 0  |9 24892  |a 000001  |b 000001  |d 2022-06-04  |o 249.3 Th302  |p TK.00623  |r 2022-06-04  |w 2022-06-04  |y BK 
980 |a Thư viện Trường Đại học Nam Cần Thơ